[Event "Amber-blind 7th"]
[Site "Monte Carlo"]
[Date "1998.03.16"]
[Round "4"]
[White "Lautier, Joel"]
[Black "Anand, Viswanathan"]
[Result "1/2-1/2"]
[WhiteElo "2645"]
[BlackElo "2770"]

1.d4 Nf6 2.c4 e6 3.Nc3 Bb4 4.e3 O-O 5.Bd3 c5 6.Nf3 d5 7.O-O dxc4 8.Bxc4 cxd4
9.exd4 Nbd7 10.Qe2 Bxc3 11.bxc3 Qc7 12.Ba3 Re8 13.Ne5 a6 14.Rac1 b5 15.Bb3 Bb7
16.c4 Qa5 17.Bd6 bxc4 18.Qxc4 Bd5 19.Qc7 Qxc7 20.Rxc7 Bxb3 21.axb3 Nxe5 22.dxe5 Nd5
23.Rc6 Rec8 24.Rfc1 Rxc6 25.Rxc6 a5 26.h3 h6 27.Rc4 Nb6 28.Rc6 Nd5 29.Rc4 Nb6  1/2-1/2

[Event "Amber-rapid 7th"]
[Site "Monte Carlo"]
[Date "1998.03.16"]
[Round "4"]
[White "Anand, Viswanathan"]
[Black "Lautier, Joel"]
[Result "1/2-1/2"]
[WhiteElo "2770"]
[BlackElo "2645"]

1.e4 c5 2.Nf3 Nc6 3.d4 cxd4 4.Nxd4 Qc7 5.Nc3 e6 6.Be2 a6 7.O-O Nf6 8.Be3 Bb4
9.Na4 Be7 10.c4 Nxe4 11.c5 O-O 12.Rc1 f5 13.g3 Rb8 14.Bf3 Ng5 15.Bg2 e5 16.Nf3 Nxf3+
17.Bxf3 f4 18.Be4 fxe3 19.Qh5 g6 20.Bxg6 hxg6 21.Qxg6+ Kh8 22.fxe3 d5  1/2-1/2

[Event "Amber-blind 7th"]
[Site "Monte Carlo"]
[Date "1998.03.18"]
[Round "6"]
[White "Van Wely, Loek"]
[Black "Lautier, Joel"]
[Result "1-0"]
[WhiteElo "2605"]
[BlackElo "2645"]

1.Nf3 c5 2.c4 Nc6 3.e3 Nf6 4.d4 cxd4 5.exd4 d5 6.Nc3 Bg4 7.cxd5 Nxd5 8.Qb3 Bxf3
9.gxf3 Nb6 10.d5 Nd4 11.Qd1 e5 12.dxe6 Bc5 13.Bb5+ Nxb5 14.exf7+ Kf8 15.Qxd8+ Rxd8
16.Nxb5 Kxf7 17.O-O Nc4 18.Nc3 Rd3 19.Ne4 Bd4 20.Rb1 h6 21.Kg2 Rd8 22.Bf4 g5
23.Rfc1 b5 24.Bg3 Rd7 25.Rc2 Kg7 26.Re2 Rf7 27.b3 Na3 28.Rc1 Rfxf3 29.Bd6 b4
30.Bxb4 Nb5 31.a4 Nc3 32.Bxc3 Bxc3 33.Nc5 Rd2 34.Kxf3  1-0

[Event "Amber-blind 7th"]
[Site "Monte Carlo"]
[Date "1998.03.21"]
[Round "8"]
[White "Sadler, Matthew"]
[Black "Lautier, Joel"]
[Result "1/2-1/2"]
[WhiteElo "2650"]
[BlackElo "2645"]

1.e4 c5 2.Nc3 e6 3.f4 d5 4.Nf3 dxe4 5.Nxe4 Nc6 6.Bb5 Bd7 7.O-O Nf6 8.Nxf6+ Qxf6
9.Ne5 Rc8 10.Nxd7 Kxd7 11.c3 Bd6 12.d3 Rhd8 13.Be3 a6 14.Ba4 Ke7 15.Bc2 Kf8
16.Qh5 Qg6 17.Qf3 Nd4 18.Bxd4 cxd4 19.c4 Rc7 20.Rae1 Kg8 21.Re4 b6 22.Kh1 Be7
23.f5 exf5 24.Qxf5 Qxf5 25.Rxf5 Bc5 26.g4 g6 27.Rf1 Be7 28.Rfe1 Bg5 29.Re8+ Rxe8
30.Rxe8+ Kg7 31.Kg2 Rc6 32.Bd1 a5 33.Bf3 Re6 34.Rxe6  1/2-1/2

[Event "Amber-rapid 7th"]
[Site "Monte Carlo"]
[Date "1998.03.21"]
[Round "8"]
[White "Lautier, Joel"]
[Black "Sadler, Matthew"]
[Result "1-0"]
[WhiteElo "2645"]
[BlackElo "2650"]

1.e4 c5 2.Nc3 d6 3.g3 Nc6 4.Bg2 g6 5.Nge2 Bg7 6.O-O e6 7.a3 Nge7 8.Rb1 O-O
9.b4 b6 10.d3 Rb8 11.Be3 Bb7 12.Qd2 Nd4 13.f4 Qd7 14.Bf2 f5 15.Nd1 Nxe2+
16.Qxe2 Nc6 17.c3 Kh8 18.Qd2 e5 19.Nb2 exf4 20.gxf4 g5 21.fxg5 f4 22.Be1 Qg4
23.Qd1 Qxg5 24.Nc4 Qg6 25.Kh1 Bc8 26.b5 Ne5 27.Nxe5 dxe5 28.Bf3 Bh3 29.Rg1 Qe6
30.Qe2 Rbd8 31.Bf2 Rd6 32.Rg5 Qd7 33.Rbg1 Bf6 34.Rh5 Be6 35.d4 exd4 36.e5 d3
37.Qd1 Rd5 38.exf6 Rxh5 39.Rg7 Qd8 40.Bxh5 Qxf6 41.Rg1 Bd5+ 42.Bf3 Qf5 43.c4 Be4
44.Qa1+ Rf6 45.Bxe4 Qxe4+ 46.Rg2  1-0

[Event "Amber-rapid 7th"]
[Site "Monte Carlo"]
[Date "1998.03.22"]
[Round "9"]
[White "Topalov, Veselin"]
[Black "Lautier, Joel"]
[Result "1/2-1/2"]
[WhiteElo "2740"]
[BlackElo "2645"]

1.Nf3 c5 2.c4 Nf6 3.Nc3 Nc6 4.g3 d5 5.d4 e6 6.cxd5 Nxd5 7.Bg2 Be7 8.O-O O-O
9.e4 Nb6 10.dxc5 Bxc5 11.e5 Qxd1 12.Rxd1 Nc4 13.Ne4 Be7 14.Nd6 N6xe5 15.Nxe5 Nxd6
16.Bd2 f6 17.Bb4 Nf5 18.Bxe7 Nxe7 19.Nd7 Re8 20.Rac1 Nd5 21.Nc5 Rb8 22.Nxe6 Bxe6
23.Bxd5 Bxd5 24.Rxd5 Re7 25.h4 Rbe8 26.Kg2 Kf7 27.Kf3 Re5 28.Rd7+ R8e7 29.Rxe7+ Rxe7
30.a4 Rd7 31.b4 Ke7 32.Ke4 Kd8 33.Rc4 Re7+ 34.Kd5 Kd7 35.Rc2 Re5+ 36.Kd4 Re1
37.Kc5  1/2-1/2

[Event "NLD-chT playoff"]
[Site "Breda"]
[Date "1998.05.21"]
[Round "1"]
[White "Ligterink, Gert"]
[Black "Lautier, Joel"]
[Result "0-1"]
[WhiteElo "2435"]
[BlackElo "2645"]

1.d4 d5 2.c4 dxc4 3.e3 Nf6 4.Bxc4 e6 5.Nf3 c5 6.O-O a6 7.Bd3 b6 8.e4 Bb7
9.e5 Nfd7 10.Nc3 cxd4 11.Ne4 h6 12.Bf4 Nc5 13.Nxc5 Bxc5 14.Nd2 Be7 15.Ne4 Nd7
16.Re1 Rc8 17.Bg3 O-O 18.Qg4 Nc5 19.Nxc5 bxc5 20.b3 a5 21.h4 Kh8 22.h5 a4
23.f4 Qd5 24.Be4 Qd7 25.Bd3 Qd5 26.Be4 Qd7 27.Bd3 Qc6 28.Re2 Ba6 29.Be4 Qb5
30.Rf2 Bb7 31.bxa4 Qa6 32.Bxb7 Qxb7 33.f5 exf5 34.Rxf5 Qd7 35.Raf1 c4 36.e6 Qxe6
37.Be5 f6 38.Bxd4 c3 39.Kh1 Rc4 40.R5f4 Qxg4 41.Rxg4 c2  0-1

[Event "Keres mem"]
[Site "Tallinn/ Parnu"]
[Date "1998.06.19"]
[Round "1"]
[White "Lautier, Joel"]
[Black "Short, Nigel D"]
[Result "0-1"]
[WhiteElo "2645"]
[BlackElo "2660"]

1.d4 e6 2.c4 Nf6 3.Nc3 Bb4 4.e3 c5 5.Ne2 cxd4 6.exd4 a6 7.a3 Be7 8.g3 O-O
9.Bg2 d6 10.O-O Nbd7 11.Nf4 Rb8 12.a4 b6 13.Re1 Bb7 14.d5 e5 15.Nd3 Qc7 16.b3 Rbe8
17.Bd2 Bd8 18.Qb1 Nb8 19.a5 Qc8 20.axb6 Bxb6 21.Be3 Bxe3 22.Rxe3 Nbd7 23.Nb4 Ng4
24.Re2 f5 25.Rea2 e4 26.h3 Nge5 27.Nxa6 Nf3+ 28.Kh1 Nde5 29.Nb5 Rf6 30.Nac7 Rd8
31.Ne6 Rxe6 32.dxe6 Qxe6 33.Ra7 Bc6 34.Qb2 e3 35.fxe3 Qg6 36.g4 fxg4 37.Nd4 Be4
38.Rf1 Rf8 39.Qf2 gxh3 40.Bxf3 Nxf3  0-1

[Event "Lost Boys op"]
[Site "Antwerp"]
[Date "1998.07.06"]
[Round "6"]
[White "Lautier, Joel"]
[Black "Ernst, Sipke"]
[Result "1-0"]
[WhiteElo "2645"]
[BlackElo "2300"]

1.d4 d5 2.c4 c6 3.Nf3 Nf6 4.Nc3 dxc4 5.a4 Bf5 6.Ne5 e6 7.f3 c5 8.e4 cxd4
9.exf5 Nc6 10.Nxc6 bxc6 11.fxe6 fxe6 12.Qe2 dxc3 13.Qxe6+ Qe7 14.Bxc4 Qxe6+
15.Bxe6 cxb2 16.Bxb2 Bb4+ 17.Ke2 Ke7 18.Bc4 Rhd8 19.Rhd1 Nd5 20.Rac1 Rd7
21.Bxd5 cxd5 22.Rd4 a5 23.Rh4 Kf7 24.Rxh7 d4 25.Kd3 Bc3 26.Rc2 Rb8 27.Bxc3 dxc3+
28.Kxc3 Rc8+ 29.Kb2 Rb8+ 30.Kc1 Rb4 31.Rh5 Rxa4 32.Rhc5 Kg6 33.Rc7 Rd5 34.R2c6+ Kh7
35.Rc5 Rad4 36.Rxd5 Rxd5 37.Rc4 Re5 38.Kd2 Rb5 39.Kc3 Kh6 40.Ra4 Rh5 41.h4 Rc5+
42.Kd4 Rb5 43.g4 Rb3 44.Ke4 Rb5 45.Kf4 Kg6 46.h5+ Kh6 47.Rc4 Rb8 48.Rc6+ Kh7
49.Ra6 Rb4+ 50.Kg5 a4 51.f4  1-0

[Event "Lost Boys op"]
[Site "Antwerp"]
[Date "1998.07.08"]
[Round "8"]
[White "Lautier, Joel"]
[Black "Van den Doel, Erik"]
[Result "0-1"]
[WhiteElo "2645"]
[BlackElo "2485"]

1.d4 d5 2.c4 c6 3.Nf3 Nf6 4.Nc3 a6 5.Bg5 dxc4 6.a4 Bf5 7.Ne5 Ne4 8.Nxe4 Bxe4
9.f3 f6 10.fxe4 fxe5 11.e3 Qa5+ 12.Qd2 Qxd2+ 13.Kxd2 exd4 14.exd4 e5 15.Bxc4 exd4
16.Rhf1 h6 17.Bh4 g5 18.Bg3 Nd7 19.Rf7 Be7 20.Raf1 b5 21.Ba2 Rf8 22.e5 Nc5
23.e6 Ne4+ 24.Kd3 Nxg3 25.hxg3 Rd8 26.axb5 axb5 27.R1f5 Rxf7 28.exf7+ Kf8
29.Be6 Rd6 30.Re5 Bf6 31.Re1 c5 32.b3 h5 33.Re2 Kg7 34.g4 hxg4 35.Bxg4 Kxf7
36.Bh5+ Kg7 37.Re8 Rc6 38.Ke4 c4 39.bxc4 bxc4 40.Kd5 c3  0-1

[Event "Harplinge"]
[Site "Harplinge"]
[Date "1998.08.20"]
[Round "6"]
[White "Sutovskij, Emil"]
[Black "Lautier, Joel"]
[Result "1/2-1/2"]
[WhiteElo "2575"]
[BlackElo "2625"]

1.e4 c5 2.Nf3 d6 3.d4 cxd4 4.Nxd4 Nf6 5.Nc3 a6 6.Be2 e5 7.Nb3 Be7 8.O-O Be6
9.f4 Qc7 10.f5 Bc4 11.a4 Nbd7 12.a5 O-O 13.Kh1 Rac8 14.Bg5 d5 15.exd5 Bxe2
16.Qxe2 Bb4 17.Rf3 Qc4 18.Qxc4 Rxc4 19.Na2  1/2-1/2

[Event "ESP-chT"]
[Site "Salamanca"]
[Date "1998.09.07"]
[Round "3"]
[White "Lautier, Joel"]
[Black "Korneev, Oleg"]
[Result "1-0"]
[WhiteElo "2630"]
[BlackElo "2600"]

1.e4 e5 2.Nf3 Nc6 3.d4 exd4 4.Nxd4 Bc5 5.Nxc6 Qf6 6.Qd2 dxc6 7.Nc3 Be6 8.Na4 Rd8
9.Bd3 Bd4 10.O-O Qh4 11.Qf4 Qh5 12.Qg3 Ne7 13.Be3 O-O 14.Bxd4 Rxd4 15.Qxc7 Ng6
16.Nc3 Rd7 17.Qg3 f5 18.f4 fxe4 19.Nxe4 Bf5 20.Rae1 Kh8 21.Qf2 Bxe4 22.Rxe4 Qa5
23.a3 Ne7 24.Re5 Qb6 25.Qxb6 axb6 26.Rfe1 Nd5 27.Re8 Rd8 28.Rxf8+ Rxf8 29.g3 g6
30.Bc4 Nf6 31.Re7 Rd8 32.Bd3 Rd7 33.Rxd7 Nxd7 34.Bf1 Kg7 35.Bh3 Nc5 36.Bc8 Kf6
37.b4 Na4 38.Bxb7 c5 39.Bc6 Nb2 40.bxc5 bxc5 41.Kf2 Ke6 42.Ke2 Nc4 43.Kd3 Na5
44.Be4 Kf6 45.h4 h5 46.a4  1-0

[Event "ESP-chT"]
[Site "Salamanca"]
[Date "1998.09.13"]
[Round "9"]
[White "Romero Holmes, Alfonso"]
[Black "Lautier, Joel"]
[Result "0-1"]
[WhiteElo "2485"]
[BlackElo "2630"]

1.e4 c5 2.Nc3 a6 3.Nge2 d6 4.g3 Nc6 5.Bg2 e6 6.O-O Nf6 7.d3 Be7 8.Kh1 Qc7
9.f4 b5 10.a3 Bb7 11.Be3 O-O 12.Bg1 Rfd8 13.h3 d5 14.e5 Nd7 15.g4 d4 16.Ne4 c4
17.N2g3 Nc5 18.g5 Na5 19.Nxc5 Bxg2+ 20.Kxg2 Qxc5 21.Ne4 Qd5 22.Qf3 Rac8 23.h4 cxd3
24.cxd3 Rc2+ 25.Rf2 Qb3 26.Rxc2 Qxc2+ 27.Bf2 Nb3 28.Rh1 Qxb2 29.g6 hxg6 30.h5 Nd2
31.Nxd2 Qxd2 32.hxg6 fxg6 33.Rd1 Qc2 34.Kh3 Kf7 35.Kg4 Rh8 36.Bg3 a5 37.Qf1 Rc8
38.Qh1 Qe2+ 39.Qf3 Qxf3+ 40.Kxf3 Bxa3  0-1

[Event "Elista ol (Men)"]
[Site "Elista"]
[Date "1998.10.02"]
[Round "4"]
[White "Kasimdzhanov, Rustam"]
[Black "Lautier, Joel"]
[Result "1/2-1/2"]
[WhiteElo "2570"]
[BlackElo "2625"]

1.e4 c5 2.Nf3 d6 3.d4 cxd4 4.Nxd4 Nf6 5.Nc3 a6 6.Be2 e5 7.Nb3 Be7 8.Be3 Be6
9.Nd5 Nbd7 10.Qd3 Bxd5 11.exd5 O-O 12.O-O Nc5 13.Nxc5 dxc5 14.Rad1 e4 15.Qb3 Qc7
16.Bg5  1/2-1/2

[Event "Elista ol (Men)"]
[Site "Elista"]
[Date "1998.10.10"]
[Round "11"]
[White "Lautier, Joel"]
[Black "Torre, Eugenio"]
[Result "1/2-1/2"]
[WhiteElo "2625"]
[BlackElo "2545"]

1.Nf3 Nf6 2.c4 b6 3.Nc3 Bb7 4.d4 e6 5.a3 g6 6.Qc2 d5 7.cxd5 exd5 8.Bf4 a6
9.g3 Bg7 10.Bg2 O-O 11.O-O Nbd7 12.Rfd1 Re8 13.Ne5 Nf8 14.b4 Ne6 15.Be3 c6
16.Rac1 Nd7 17.Nxd7 Qxd7 18.Na4 Qd8 19.Qb3 f5 20.Qd3 Rf8 21.Bh3 Kh8 22.Bf4 a5
23.b5 cxb5 24.Nc3 b4 25.axb4 axb4 26.Nb5 Ba6 27.e3 Nxf4 28.gxf4 g5 29.Rb1 gxf4
30.exf4 Rg8 31.Kh1 Qh4 32.Rxb4 Bf8 33.Rb3 Bd6 34.Bxf5 Qh5 35.Rdb1 Bxb5 36.Rxb5 Ra3
37.R5b3 Rxb3 38.Rxb3 Bxf4 39.Bh3 Be3 40.Bg2 Qg5 41.Qf1 Bxd4 42.Rd3 Qe5 43.Rd1 Rf8
44.Qd3 Rf4 45.Rf1 Bxf2 46.Qxd5 Qxd5 47.Bxd5 Rd4 48.Bf3 Rd2 49.Rd1 Rxd1+  1/2-1/2

[Event "Lost Boys op"]
[Site "Antwerp"]
[Date "1998.??.??"]
[Round "1"]
[White "Vink, Nico"]
[Black "Lautier, Joel"]
[Result "1/2-1/2"]
[WhiteElo "2235"]
[BlackElo "2645"]

1.e4 c5 2.Nf3 d6 3.d4 cxd4 4.Nxd4 Nf6 5.Nc3 a6 6.Bc4 e6 7.Bb3 Nbd7 8.O-O Nc5
9.f4 b5 10.f5 e5 11.Nf3 Nxb3 12.axb3 Bb7 13.Qd3 Qb6+ 14.Kh1 Qc6 15.Re1 Rc8
16.Re2 h6 17.Nd5 Nxd5 18.exd5 Qc5 19.Bf4 Be7 20.Bg3 Qxd5 21.Qxd5 Bxd5 22.Rxa6 O-O
23.Rb6 Rc5 24.Ne1 Ba8 25.h3 Rfc8 26.Nd3 Rd5 27.Nb4 Rd1+ 28.Kh2 h5 29.h4 Rd4
30.c3 Rg4 31.Rxb5 Bxh4 32.Bxh4 Rxh4+ 33.Kg3 Rg4+ 34.Kh3 Be4 35.Rf2 Ra8 36.Nc2 Rg5
37.Ne3 Ra1 38.Kh2 Re1 39.Nc4 Rxf5 40.Rxf5 Bxf5 41.Nxd6 Be6 42.Kg3 Re2 43.b4 f6
44.c4 Rxb2 45.Rb8+ Kh7 46.b5 g5 47.Re8 Bg4 48.c5 f5 49.Nf7 f4+ 50.Kh2 f3
51.Nxg5+ Kg7 52.Nxf3 Bxf3 53.Rxe5 Rxg2+ 54.Kh3 Re2 55.Rg5+ Kf6 56.Rg8 Bg4+
57.Kg3 Rb2 58.b6 Ke5 59.Rg7 Rb3+ 60.Kf2 Rb2+ 61.Kg3 Rb3+ 62.Kf2 Kd4 63.Rc7 h4
64.Rh7 Rb2+ 65.Kg1 Ke3 66.Rxh4 Kf3 67.Rh8 Rb1+ 68.Kh2 Kf2 69.Ra8 Rb5 70.Ra2+ Be2
71.Rc2 Ke3  1/2-1/2

[Event "Lost Boys op"]
[Site "Antwerp"]
[Date "1998.??.??"]
[Round "3"]
[White "Vanderstricht, Geert"]
[Black "Lautier, Joel"]
[Result "1/2-1/2"]
[WhiteElo "2300"]
[BlackElo "2645"]

1.d4 d5 2.c4 e6 3.Nc3 c6 4.Nf3 dxc4 5.a4 Bb4 6.e3 b5 7.Bd2 a5 8.axb5 Bxc3
9.Bxc3 cxb5 10.b3 Bb7 11.bxc4 b4 12.Bb2 Nf6 13.c5 O-O 14.Bb5 Qc7 15.Qa4 Nc6
16.O-O Rfd8 17.Rfd1  1/2-1/2

[Event "BL2-W9798"]
[Site "Germany"]
[Date "1998.??.??"]
[Round "?.1"]
[White "Nielsen, Peter Heine"]
[Black "Lautier, Joel"]
[Result "1/2-1/2"]
[WhiteElo "2515"]
[BlackElo "2660"]

1.e4 c5 2.Nf3 e6 3.c4 Nc6 4.Nc3 Nf6 5.Be2 d5 6.e5 Nd7 7.cxd5 exd5 8.Nxd5 Ndxe5
9.Nxe5 Qxd5 10.Nxc6 Qxc6 11.O-O Be7 12.d4 cxd4 13.Qxd4 O-O 14.Bf3 Bf6 15.Qb4 Qb6
16.Bd2 Bf5 17.Qxb6 axb6 18.Bc3 Bxc3 19.bxc3 Rac8  1/2-1/2

[Event "BL2-W9798"]
[Site "Germany"]
[Date "1998.??.??"]
[Round "?.1"]
[White "Chernin, Alexander"]
[Black "Lautier, Joel"]
[Result "1/2-1/2"]
[WhiteElo "2640"]
[BlackElo "2660"]

1.c4 c5 2.Nc3 g6 3.g3 Bg7 4.Bg2 Nc6 5.e3 e6 6.Nge2 Nge7 7.O-O O-O 8.d4 cxd4
9.Nxd4 d5 10.cxd5 Nxd5 11.Nxd5 exd5 12.Qb3 Nxd4 13.exd4 Be6 14.Be3 Qb6 15.Rfc1 Bxd4
16.Bxd4 Qxd4 17.Rd1 Qf6 18.Bxd5 Bxd5 19.Rxd5  1/2-1/2

[Event "ESP-chT"]
[Site "Salamanca"]
[Date "1998.??.??"]
[Round "6"]
[White "Lautier, Joel"]
[Black "Kharitonov, Andrei Y"]
[Result "1/2-1/2"]
[WhiteElo "2625"]
[BlackElo "2570"]

1.e4 c6 2.d4 d5 3.Nd2 dxe4 4.Nxe4 Bf5 5.Ng3 Bg6 6.h4 h6 7.Nf3 Nd7 8.h5 Bh7
9.Bd3 Bxd3 10.Qxd3 Ngf6 11.Bf4 Qa5+ 12.Bd2 Qc7 13.O-O-O e6 14.Ne4 O-O-O 15.g3 Nxe4
16.Qxe4 Nf6 17.Qe2 Bd6 18.Rh4 Rhe8 19.Ne5 Qe7 20.Ba5 Bc7 21.Bxc7 Qxc7 22.Rf4 Re7
23.Rd3 Nd5 24.Rg4 f6 25.Ng6 Ree8 26.Re4 Qf7 27.a3 Rd6 28.c4 Nc7 29.Nf4 Red8
30.c5  1/2-1/2

[Event "Tel Aviv sim"]
[Site "Tel Aviv"]
[Date "1998.??.??"]
[Round "2"]
[White "Bar, Roman"]
[Black "Lautier, Joel"]
[Result "1/2-1/2"]
[WhiteElo "2270"]
[BlackElo "2645"]

1.e4 c5 2.Nf3 e6 3.d4 cxd4 4.Nxd4 Nf6 5.Nc3 Nc6 6.Ndb5 d6 7.Bf4 e5 8.Bg5 a6
9.Na3 b5 10.Nd5 Be7 11.Bxf6 Bxf6 12.c3 O-O 13.Nc2 Bg5 14.a4 bxa4 15.Rxa4 a5
16.Bc4 Rb8 17.b3 Kh8 18.O-O g6 19.Qe2 Bd7 20.Ra2 f5 21.f3 Bh6 22.exf5 gxf5
23.b4 axb4 24.Ncxb4 Na5 25.Bd3 Nb3 26.Ra7 Ra8 27.Rxa8 Qxa8 28.Kh1 Nc1 29.Qc2 Nxd3
30.Qxd3 Qa7 31.Rd1 Be6 32.c4 Qc5 33.Na6 Qf2 34.Ne7 Rf7 35.Nd5 Rg7 36.Qf1 Qh4
37.Nac7 Bf7 38.Rb1 Rg8 39.Rb6 Bf8 40.Rb8 Qg5 41.Rb1 Qd8 42.Ra1 Qh4 43.Rb1 Bh6
44.Rb6 Rg6 45.Rb8+ Rg8 46.Rb6  1/2-1/2

[Event "Tel Aviv sim"]
[Site "Tel Aviv"]
[Date "1998.??.??"]
[Round "5"]
[White "Lautier, Joel"]
[Black "Kustanovich, Michael"]
[Result "1/2-1/2"]
[WhiteElo "2645"]
[BlackElo "2195"]

1.d4 d5 2.c4 e6 3.Nc3 Be7 4.cxd5 exd5 5.Bf4 Nf6 6.e3 O-O 7.Bd3 c5 8.dxc5 Bxc5
9.Nge2 Nc6 10.O-O d4 11.Na4 Bd6 12.Bxd6 Qxd6 13.Bb5 Ng4 14.Ng3 Rd8 15.Bxc6 bxc6
16.Qxd4 Qxd4 17.exd4 Rxd4 18.Rfd1 Rxd1+ 19.Rxd1 Be6 20.b3 Kf8 21.Rd4 Nf6
22.Nc5 Bd5 23.Nf5 g6 24.Ne3 Ke7 25.Ra4 Kd6 26.Ra5 Re8 27.b4 Re7 28.Kf1 h5
29.h3 Ke5 30.Ke2 Kd4 31.Kd2 Ne4+ 32.Nxe4 Bxe4 33.Rc5 Bd5 34.a3 Rb7 35.Rc3 Ke5
36.Nxd5 cxd5 37.Kd3 a5 38.bxa5 Rb5  1/2-1/2

[Event "Tel Aviv sim"]
[Site "Tel Aviv"]
[Date "1998.??.??"]
[Round "6"]
[White "Lautier, Joel"]
[Black "Lurie, Michael"]
[Result "1-0"]
[WhiteElo "2645"]
[BlackElo "2130"]

1.c4 Nf6 2.Nc3 d5 3.cxd5 Nxd5 4.g3 g6 5.Bg2 Nxc3 6.bxc3 Bg7 7.Rb1 c6 8.h4 h6
9.Qc2 Qc7 10.d3 Nd7 11.Nf3 Ne5 12.Nxe5 Qxe5 13.d4 Qa5 14.O-O O-O 15.Bd2 e5
16.c4 Qc7 17.d5 cxd5 18.Bxd5 Rd8 19.Qc1 Kh7 20.Qa3 Rd6 21.Bxb7 Rxd2 22.Bxa8 Rxe2
23.Bd5 f5 24.Rb2 Rxb2 25.Qxb2 e4 26.Qd2 Be5 27.Qe3 Bd6 28.Kg2 Qe7 29.Rb1 Bc5
30.Qd2 Bd6 31.Rd1 Bc7 32.Qe2 Bd6 33.Rb1 Qc7 34.Rb5 Ba6 35.Rb3 Bc8 36.Qd2 Qe7
37.Qc2 Qc7 38.c5 Be5 39.c6 Qd6 40.Qc4 Kg7 41.c7 f4 42.Bxe4 fxg3 43.Rd3 Qb6
44.Rf3 Qe6 45.Qxe6 Bxe6 46.Bd5  1-0

[Event "Bad Zwesten op"]
[Site "Bad Zwesten"]
[Date "1999.01.03"]
[Round "2"]
[White "Richter, Goetz"]
[Black "Lautier, Joel"]
[Result "0-1"]
[WhiteElo "2141"]
[BlackElo "2613"]

1.e4 c5 2.Nf3 d6 3.d4 cxd4 4.Nxd4 Nf6 5.Nc3 a6 6.Be3 e5 7.Nb3 Be6 8.Qd2 Nbd7
9.f3 Be7 10.g4 h6 11.O-O-O b5 12.Nd5 Bxd5 13.exd5 Nb6 14.Bxb6 Qxb6 15.Kb1 b4
16.h4 a5 17.Bh3 a4 18.Nc1 Ra5 19.Rde1 Nxd5 20.Nd3 Bxh4 21.f4 Bxe1 22.Rxe1 O-O
23.fxe5 dxe5 24.g5 a3  0-1

[Event "Bad Zwesten op"]
[Site "Bad Zwesten"]
[Date "1999.01.04"]
[Round "4"]
[White "Sokolov, Ewgeni"]
[Black "Lautier, Joel"]
[Result "0-1"]
[WhiteElo "2360"]
[BlackElo "2596"]

1.d4 d5 2.Nc3 Nf6 3.Bg5 Nbd7 4.Nf3 g6 5.e3 Bg7 6.Be2 O-O 7.O-O c6 8.h3 b6
9.Bf4 Bb7 10.Re1 c5 11.Ne5 a6 12.a4 Rc8 13.Bf3 e6 14.Qe2 Qe7 15.Na2 Rfd8
16.Bg5 h6 17.Bh4 Nf8 18.c3 N8h7 19.a5 b5 20.Nd3 c4 21.Nc5 Rxc5 22.dxc5 Qxc5
23.Bg3 Nd7 24.Nb4 Ng5 25.h4 Nxf3+ 26.Qxf3 Qe7 27.h5 g5 28.Bc7 Rc8 29.Qg3 e5
30.Bb6 Qe6 31.Red1 Nf6 32.f4 gxf4 33.Qh4 fxe3 34.Bxe3 Ng4 35.Bb6 f5 36.Rd2 Bf6
37.Qh3 Bg5 38.Re2 Rf8 39.Rae1 Qd6 40.Nc2 Bc8 41.Rd1 f4 42.Qf3 e4 43.Qxe4 Qxb6+
44.axb6 dxe4 45.Rxe4 Bf5 46.Rdd4 Bxe4 47.Rxe4 Rb8 48.Re6 Kf7 49.Nd4 f3  0-1

[Event "Bad Zwesten op"]
[Site "Bad Zwesten"]
[Date "1999.01.05"]
[Round "6"]
[White "Ftacnik, Lubomir"]
[Black "Lautier, Joel"]
[Result "1/2-1/2"]
[WhiteElo "2585"]
[BlackElo "2613"]

1.c4 e5 2.Nc3 Nc6 3.Nf3 Nf6 4.d4 exd4 5.Nxd4 Bb4 6.Bg5 h6 7.Bh4 Bxc3+ 8.bxc3 Ne5
9.e3 Ng6 10.Bxf6 Qxf6 11.f4 O-O 12.g3 c5 13.Nb5 d5 14.Be2 dxc4 15.Qd6 Qf5
16.Kf2 b6  1/2-1/2

[Event "Bad Zwesten op"]
[Site "Bad Zwesten"]
[Date "1999.01.06"]
[Round "8"]
[White "Glek, Igor V"]
[Black "Lautier, Joel"]
[Result "1/2-1/2"]
[WhiteElo "2566"]
[BlackElo "2613"]

1.e4 c5 2.Nf3 d6 3.d4 cxd4 4.Nxd4 Nf6 5.Nc3 a6 6.Rg1 e5 7.Nb3 h5 8.Bg5 Be7
9.Be2 Nbd7 10.a4 b6 11.Nd2 Bb7 12.Nc4 Qc7 13.Ne3 Qc5 14.Qd3 Qd4 15.Nf5 Qxd3
16.cxd3 Bf8 17.Bxf6 Nxf6 18.Ne3 Rc8  1/2-1/2

[Event "Chess Masters 3rd"]
[Site "Enghien-les-Bains"]
[Date "1999.03.05"]
[Round "3"]
[White "Lautier, Joel"]
[Black "Sadler, Matthew"]
[Result "1-0"]
[WhiteElo "2596"]
[BlackElo "2667"]

1.e4 c5 2.Nf3 d6 3.d4 cxd4 4.Nxd4 Nf6 5.Nc3 a6 6.Bc4 e6 7.Bb3 b5 8.O-O b4
9.Na4 Bd7 10.c3 Nxe4 11.Qf3 d5 12.c4 Qf6 13.cxd5 Qxd4 14.Be3 Qe5 15.Bf4 Qf5
16.Rfe1 g5 17.Rxe4 gxf4 18.Rxf4 Qg5 19.h4 Qh6 20.Rxf7 Bd6 21.Nb6 Qxh4 22.g3 Rg8
23.Nxd7 Nxd7 24.dxe6 O-O-O 25.Qa8+  1-0

[Event "Chess Masters 3rd"]
[Site "Enghien-les-Bains"]
[Date "1999.03.12"]
[Round "9"]
[White "Bauer, Christian"]
[Black "Lautier, Joel"]
[Result "1/2-1/2"]
[WhiteElo "2528"]
[BlackElo "2596"]

1.d4 Nf6 2.Nf3 e6 3.g3 d5 4.c4 dxc4 5.Bg2 Be7 6.Qa4+ Nbd7 7.Nc3 a6 8.Bf4 Nd5
9.Qxc4 Nxf4 10.gxf4 b5 11.Qd3 Bb7 12.O-O O-O 13.Rfd1 c5 14.d5 exd5 15.Nxd5 Nf6
16.Ne5 Nxd5 17.Bxd5 Qxd5 18.Qxd5 Bxd5 19.Rxd5 Rfd8 20.Nc6 Re8 21.a4 Bf8 22.e3 Rac8
23.axb5 axb5 24.Na7 Rcd8 25.Rxd8 Rxd8 26.Nxb5 Rb8 27.Nc7 Rxb2 28.Ra8 g6 29.Rc8  1/2-1/2

[Event "Amber Rapidplay"]
[Site "Monte Carlo"]
[Date "1999.03.16"]
[Round "1"]
[White "Piket, Jeroen"]
[Black "Lautier, Joel"]
[Result "1/2-1/2"]
[WhiteElo "2619"]
[BlackElo "2596"]

1.d4 d5 2.c4 c6 3.Nc3 e6 4.e4 dxe4 5.Nxe4 Bb4+ 6.Bd2 Qxd4 7.Bxb4 Qxe4+ 8.Be2 Na6
9.Ba5 Bd7 10.Qd6 Qxg2 11.Bc3 O-O-O 12.Bf3 Qg5 13.h4 Qe7 14.Qxe7 Nxe7 15.Bxg7 Rhg8
16.Bf6 Rde8 17.O-O-O Nb8 18.Nh3 h6 19.Rhg1 c5 20.Nf4 Ng6 21.Nd3 Bc6 22.Bxc6 Nxc6
23.h5 Nge7 24.Nxc5 Nf5 25.Ne4 Rxg1 26.Rxg1 e5 27.Re1 Re6 28.Rg1 Re8 29.Re1 Re6  1/2-1/2

[Event "Amber Rapidplay"]
[Site "Monte Carlo"]
[Date "1999.03.17"]
[Round "2"]
[White "Gelfand, Boris"]
[Black "Lautier, Joel"]
[Result "1/2-1/2"]
[WhiteElo "2691"]
[BlackElo "2596"]

1.d4 Nf6 2.Nf3 e6 3.c4 b6 4.Nc3 Bb7 5.a3 d5 6.cxd5 Nxd5 7.Qc2 Nxc3 8.bxc3 Be7
9.e4 O-O 10.Bd3 c5 11.O-O Qc8 12.Qa2 Ba6 13.Bxa6 Nxa6 14.Bf4 cxd4 15.cxd4 Qb7
16.Qe2 Rac8 17.Rfd1 Rfe8 18.Rd3 Nb8 19.Ne5 Nd7 20.Nxd7 Qxd7 21.Rad1 Bf8 22.h4 Qb5
23.Qf3 Red8 24.h5 h6 25.d5 exd5 26.Rxd5 Rxd5 27.exd5 Rd8 28.d6 Qf5 29.Rd5 Qe6
30.Qd1 Rd7 31.g3 Qe4 32.Rd3 Qf5 33.Rc3 Rd8 34.a4 Qe6 35.Re3 Qd7 36.Rc3 Qe6
37.g4 Qf6 38.Rc4 Bxd6 39.Rd4 Bc7 40.Rxd8+ Qxd8 41.Qxd8+ Bxd8 42.Kg2 Kf8 43.Kf3 Ke7
44.Ke4 Ke6 45.Be3 Be7 46.f4 f6 47.Bd2 Bc5 48.Bc3 Be7 49.Bd4 Bc5 50.Bc3 Be7
51.Bd4 Bd8 52.Bc3  1/2-1/2

[Event "Amber Rapidplay"]
[Site "Monte Carlo"]
[Date "1999.03.22"]
[Round "6"]
[White "Shirov, Alexei"]
[Black "Lautier, Joel"]
[Result "1/2-1/2"]
[WhiteElo "2726"]
[BlackElo "2596"]

1.e4 c5 2.Nf3 Nc6 3.d4 cxd4 4.Nxd4 g6 5.c4 Nf6 6.Nc3 d6 7.Be2 Nxd4 8.Qxd4 Bg7
9.Bg5 O-O 10.Qd2 a6 11.O-O Be6 12.Rac1 Qa5 13.Rfd1 Rfc8 14.Bxf6 Bxf6 15.Nd5 Qxd2
16.Nxf6+ Kg7 17.Nh5+ gxh5 18.Rxd2 b5 19.Rdc2 bxc4 20.Bxc4 Bxc4 21.Rxc4 Rxc4
22.Rxc4 Rb8 23.b3 Rb5 24.g3 f5 25.Kg2 fxe4 26.Rxe4 Kf6 27.Rf4+ Kg6 28.Ra4 a5
29.Kf3 Kf5 30.Ke3 Rc5 31.Kd3 e5 32.Rh4 Kg6 33.f4 Rd5+ 34.Ke3 Rc5 35.fxe5 dxe5
36.Rc4 Rd5 37.Rc6+ Kg5 38.h3 Rb5 39.Ra6 Kf5 40.Ra7 h6 41.Ra6 Rc5 42.Kd3 Rd5+
43.Kc4 Rd4+ 44.Kc3 Rd5 45.Rxh6 Kg5 46.Re6 Kf5 47.Re8 e4 48.Kc4 Rd2 49.Rf8+ Ke5
50.Re8+ Kf5 51.Rf8+ Ke5 52.Rh8 Rd4+ 53.Kc5 Rd5+ 54.Kc6 Kd4 55.g4 hxg4 56.hxg4 e3
57.Rh1 Rg5 58.Rg1 e2 59.a3 Kc3 60.b4 a4 61.b5 Rxg4 62.Rxg4 e1=Q 63.Rxa4 Qe8+
64.Kb6 Kb3 65.Ra6 Kc4 66.a4 Qd7 67.Ra7 Qd6+ 68.Kb7 Kc5 69.Ra6 Qd7+ 70.Kb8 Qd8+
71.Kb7 Kb4 72.Ra7 Kc5 73.Ra6 Qd7+ 74.Kb8 Kb4 75.Ra7 Qd6+ 76.Kb7 Kc5 77.Ra6  1/2-1/2

[Event "Amber Blindfold"]
[Site "Monte Carlo"]
[Date "1999.03.22"]
[Round "6"]
[White "Lautier, Joel"]
[Black "Shirov, Alexei"]
[Result "1/2-1/2"]
[WhiteElo "2596"]
[BlackElo "2726"]

1.Nf3 c5 2.c4 Nf6 3.d4 cxd4 4.Nxd4 e6 5.g3 Qb6 6.Bg2 Bc5 7.e3 Nc6 8.Nb3 Bb4+
9.Bd2 d5 10.cxd5 exd5 11.Bxb4 Qxb4+ 12.Nc3 Bg4 13.Qd2 O-O 14.O-O Rfd8 15.h3 Be6
16.Rfd1 Rac8 17.Ne2 Qb6 18.Nf4 Bf5 19.g4 Be4 20.f3 Bc2 21.Qxc2 Qxe3+ 22.Kh1 Qxf4
23.Qd2 Qg3 24.Qe1 Qd6 25.Qf2 Re8 26.Rac1 Qf4 27.Kg1 Re3 28.Rd4 Qe5 29.f4 Qe7
30.g5 Nh5 31.Rxd5 Re8 32.Rd2 Nb4 33.Rc3 Re1+ 34.Kh2 Nxa2 35.Rcd3 g6 36.Rd7 Qe3
37.Qxe3 R8xe3 38.Rxb7 Nxf4 39.Rd8+ Re8 40.Rxe8+ Rxe8 41.Bf3 Re3 42.Bg4 Kg7
43.Nd4 a5 44.Nc6 Ne6 45.h4 Nb4 46.Bxe6 Rxe6 47.Nxb4 axb4  1/2-1/2